Leto Lýdie Eckhardt má exotický nádych

Bibliographic Details
Main Author: Hriadelová, Miloslava (Author)
Format: Article
Language:Slovak
Subjects:

MARC

LEADER 00000nab a2200000 a 4500
001 vtls000931234
003 SK-MaSNL
005 20260303034934.0
008 040720e20030507xo 0 slo
035 |a KE40111 
040 |a KEVKJB  |b slo  |c KEVKJB  |e AACR2 
041 0 |a slo 
044 |a xo  |c SK 
080 |a 391  |2 1981 
080 |a 061.7  |2 1981 
100 1 |a Hriadelová, Miloslava  |4 aut  |9 348764 
245 1 0 |a Leto Lýdie Eckhardt má exotický nádych 
300 |b 3 foto 
590 |a Eckhardt, Lýdia  |b módna návrhárka 
600 1 7 |a Eckhardt, Lýdia,  |d 1962-  |2 KEVKJB  |9 114268 
650 0 7 |a móda  |2 KEVKJB  |9 19682 
650 0 7 |a prehliadky módne  |2 KEVKJB  |9 877932 
651 7 |a Košice (Slovensko)  |2 KEVKJB  |9 18694 
651 7 |a KE,  |2 KEVKJB  |9 877256 
655 7 |a periodikum  |2 snkbucl  |9 29553 
773 0 8 |t Košický denník Korzár  |g Roč. 6, č.104, 7.5.2003, s. 1  |x 1335-4566 
852 |a ZVYKNI  |b KIS3GCP 
999 |c 1675421  |d 1677351